| 000 | 01042nam a22002417a 4500 | ||
|---|---|---|---|
| 999 |
_c4771 _d4771 |
||
| 003 | AR-CdUCM | ||
| 008 | 190311b ||||| |||| 00| 0 spa d | ||
| 040 |
_aMUNICIPALIDAD PROVINCIAL DEL CUSCO _cBIBLIOTECA MUNICIPAL DEL CUSCO |
||
| 082 |
_a309.185 / _bD87 |
||
| 100 |
_aDollfus, Olivier _914283 |
||
| 245 | _aEl reto del espacio andino / | ||
| 260 |
_aLima : _bInstituto de Estudios Peruanos, _c1981. |
||
| 300 |
_a141 paginas ; _c20.5 cm. |
||
| 440 |
_aPerú problema _n20 _914752 |
||
| 505 | _aFundamentos ecológicos del espacio andino -- Los grandes sistemas andinos intertropicales -- Geosistemas y medios naturales en los andes ecuatoriales del norte --Geosistemas y medios naturales en los andes tropicales del sur -- Papel de los factores naturales en la transformación del paisaje ... | ||
| 650 |
_aEcología _94960 |
||
| 650 |
_aPolítica económica _91407 |
||
| 650 |
_aCondiciones sociales _91132 |
||
| 650 |
_aAndes peruanos _96688 |
||
| 700 |
_aInstituto de Estudios Peruanos _94657 |
||
| 942 |
_2ddc _cLIBROS |
||
| 945 | _aacv | ||